[Event "33rd NED-ch"]
[Site "Leeuwarden NED"]
[Date "1977.05.01"]
[Round "11"]
[White "Van Wijgerden, Cornelis"]
[Black "Van der Sterren, Paul"]
[Result "1-0"]
[WhiteElo "2430"]
[BlackElo "2375"]
[EventDate "1977.04.18"]
[PlyCount "105"]

1.e4 e6 2.d4 d5 3.e5 c5 4.Nf3 cxd4 5.Bd3 Nc6 6.O-O f6 7.Qe2 fxe5 8.Nxe5 
Nxe5 9.Qxe5 Nf6 10.Bf4 Qb6 11.Nd2 Be7 12.Nb3 O-O 13.Bg3 h6 14.Qc7 Qxc7 15.
Bxc7 Bd7 16.Rfe1 Ne8 17.Be5 Kf7 18.Nxd4 Nd6 19.Nf3 Rfc8 20.Bg3 Be8 21.Re2 
Nf5 22.Be5 g5 23.h3 h5 24.Bc3 Bf6 25.Rae1 Bd7 26.Bxf6 Kxf6 27.Bxf5 exf5 
28.Re7 g4 29.Rxd7 gxf3 30.c3 Rg8 31.Rd6+ Kf7 32.Rxd5 Rxg2+ 33.Kf1 Kf6 34.
Rd6+ Kf7 35.Re3 Rag8 36.Rxf3 Rg1+ 37.Ke2 Ke7 38.Rh6 Rb1 39.Rh7+ Kf6 40.
Rxb7 Rgg1 41.Kd3 Rgd1+ 42.Kc2 Rbc1+ 43.Kb3 Rd5 44.Rxa7 Rb5+ 45.Ka3 Rc2 46.
b3 Re5 47.Kb4 Re4+ 48.c4 f4 49.Ra5 h4 50.a4 Ke6 51.Rd5 Rc1 52.a5 Rg1 53.
Rh5 1-0

[Event "33rd NED-ch"]
[Site "Leeuwarden NED"]
[Date "1977.05.02"]
[Round "12"]
[White "Boersma, Paulus"]
[Black "Van Wijgerden, Cornelis"]
[Result "1/2-1/2"]
[WhiteElo "2350"]
[BlackElo "2430"]
[EventDate "1977.04.18"]
[PlyCount "52"]

1.e4 g6 2.d4 Bg7 3.Nf3 d6 4.Be2 Nf6 5.Nc3 O-O 6.O-O c6 7.a4 Qc7 8.Be3 Ng4 
9.Bg5 f6 10.Bd2 Nh6 11.Qc1 Nf7 12.a5 e5 13.dxe5 dxe5 14.Bc4 Qe7 15.Be3 Be6
16.Bc5 Qxc5 17.Bxe6 Na6 18.Ne2 Rad8 19.c3 Qb5 20.Qc2 Nc5 21.Ba2 Qd3 22.
Qxd3 Rxd3 23.Rfd1 Rfd8 24.Rxd3 Rxd3 25.Ng3 Kf8 26.Kf1 Ke7 1/2-1/2

[Event "33rd NED-ch"]
[Site "Leeuwarden NED"]
[Date "1977.05.02"]
[Round "12"]
[White "Donner, Jan"]
[Black "Van Baarle, John"]
[Result "0-1"]
[WhiteElo "2470"]
[BlackElo "2325"]
[EventDate "1977.04.18"]
[PlyCount "46"]

1.d4 e6 2.c4 d5 3.Nc3 c5 4.cxd5 cxd4 5.Qa4+ Bd7 6.Qxd4 exd5 7.Qxd5 Nc6 8.
Qd1 Nf6 9.Nf3 Bc5 10.e3 Qe7 11.Be2 O-O-O 12.Bd2 g5 13.Qc1 g4 14.Nd4 Kb8 
15.O-O h5 16.Re1 h4 17.Nxc6+ Bxc6 18.e4 Rxd2 19.Qxd2 Qe5 20.Rad1 g3 21.Rf1
h3 22.Bf3 hxg2 23.Bxg2 gxf2+ 0-1

[Event "33rd NED-ch"]
[Site "Leeuwarden NED"]
[Date "1977.05.02"]
[Round "12"]
[White "Langeweg, Christian"]
[Black "Bohm, Hans"]
[Result "0-1"]
[WhiteElo "2445"]
[BlackElo "2445"]
[EventDate "1977.04.18"]
[PlyCount "68"]

1.Nf3 d5 2.c4 d4 3.d3 Nc6 4.g3 e5 5.Bg2 Bd6 6.O-O Nge7 7.Na3 O-O 8.Nc2 a5 
9.a3 b6 10.b3 Bf5 11.Rb1 Qd7 12.Re1 h6 13.b4 Rae8 14.e3 dxe3 15.Bxe3 Ng6 
16.Qd2 Be7 17.Red1 Rd8 18.Nfe1 Bg4 19.Rdc1 f5 20.Bd5+ Kh7 21.b5 Nb8 22.f4 
exf4 23.gxf4 Bd6 24.d4 Rfe8 25.Nd3 Qe7 26.Rb3 Nd7 27.Ne5 Nf6 28.Nc6 Qd7 
29.Nxd8 Nxd5 30.cxd5 Qxd8 31.Rf1 Re4 32.Ne1 Qa8 33.Nf3 Qxd5 34.Rd3 Bxf4 
0-1

[Event "33rd NED-ch"]
[Site "Leeuwarden NED"]
[Date "1977.05.02"]
[Round "12"]
[White "Ligterink, Gert"]
[Black "Timman, Jan"]
[Result "1/2-1/2"]
[WhiteElo "2430"]
[BlackElo "2590"]
[EventDate "1977.04.18"]
[PlyCount "47"]

1.e4 d6 2.d4 Nf6 3.Nc3 g6 4.Nf3 Bg7 5.Bf4 O-O 6.Qd2 Bg4 7.O-O-O Bxf3 8.
gxf3 Nc6 9.Bh6 e5 10.Bxg7 Kxg7 11.d5 Nd4 12.f4 Nh5 13.fxe5 dxe5 14.Qe3 Qf6
15.Kb1 c6 16.Ne2 Nxe2 17.Bxe2 Nf4 18.Bc4 Rfd8 19.Rd2 b5 20.Bb3 Qd6 21.c4 
bxc4 22.Bxc4 Rab8 23.Rc1 c5 24.Rdc2 1/2-1/2

[Event "33rd NED-ch"]
[Site "Leeuwarden NED"]
[Date "1977.05.02"]
[Round "12"]
[White "Van der Sterren, Paul"]
[Black "Ree, Hans"]
[Result "1/2-1/2"]
[WhiteElo "2375"]
[BlackElo "2460"]
[EventDate "1977.04.18"]
[PlyCount "157"]

1.e4 e5 2.Nf3 Nc6 3.Bb5 a6 4.Ba4 g6 5.c3 d6 6.d4 Bd7 7.O-O Bg7 8.dxe5 dxe5
9.Be3 Nf6 10.Nbd2 O-O 11.Bc5 Re8 12.Qe2 Bf8 13.Bxf8 Kxf8 14.Ne1 Nd4 15.
cxd4 Bxa4 16.d5 c6 17.dxc6 Bxc6 18.Nef3 Qe7 19.b3 a5 20.a4 Qb4 21.Rfe1 
Rad8 22.Rac1 Kg7 23.Qe3 Nd7 24.Qc3 Qxc3 25.Rxc3 f6 26.Nc4 Ra8 27.Nfd2 Red8
28.Nf1 Nf8 29.f3 Ne6 30.Nfe3 Nd4 31.Kf2 Kf7 32.Rd1 Ke7 33.Nc2 Nxc2 34.Rxd8
Kxd8 35.Rxc2 Kc7 36.h4 b6 37.g4 Re8 38.g5 f5 39.exf5 gxf5 40.Re2 e4 41.f4 
Bd5 42.Rb2 h6 43.Ke3 Rd8 44.Ne5 Kd6 45.Rd2 Ke6 46.Nc6 Rf8 47.Nd4+ Ke7 48.
g6 Kf6 49.h5 Be6 50.Rc2 Rc8 51.Rxc8 Bxc8 52.Kd2 Be6 53.Kc3 Bd5 54.Nc2 Be6 
55.Ne3 Bg8 56.Nc2 Be6 57.Nd4 Bd5 58.b4 Be6 59.Nc6 Bd7 60.b5 Be6 61.Nb8 Kg7
62.Kc2 e3 63.Nc6 Bb3+ 64.Kd3 Bxa4 65.Nd4 Bd1 66.Nxf5+ Kf6 67.g7 Bb3 68.
Nxh6 Kxg7 69.Nf5+ Kh7 70.Kxe3 Bf7 71.h6 Be6 72.Nd4 Bc4 73.Ke4 a4 74.Nc2 
Bxb5 75.Kd4 Kxh6 76.Kc3 Kg6 77.Kb4 Be8 78.Ne3 b5 79.Nc4 1/2-1/2

[Event "33rd NED-ch"]
[Site "Leeuwarden NED"]
[Date "1977.05.02"]
[Round "12"]
[White "Van der Vliet, Fredrik"]
[Black "Kortschnoj, Viktor"]
[Result "0-1"]
[WhiteElo "2340"]
[BlackElo "2645"]
[EventDate "1977.04.18"]
[PlyCount "140"]

1.Nf3 Nf6 2.g3 d5 3.Bg2 g6 4.d4 Bg7 5.O-O O-O 6.c4 dxc4 7.Na3 Nc6 8.Nxc4 
Be6 9.b3 Bd5 10.Bb2 Qc8 11.e3 Rd8 12.Qe2 h6 13.Rac1 Qe6 14.Rfe1 Rac8 15.a3
Ne4 16.Red1 Nd6 17.Ne1 Nf5 18.Bxd5 Rxd5 19.Qc2 Nd6 20.Nd3 g5 21.Nd2 Qg6 
22.Nc5 Qxc2 23.Rxc2 e5 24.Nxb7 Nxb7 25.Rxc6 exd4 26.e4 Rc5 27.Rc1 Rxc1+ 
28.Rxc1 c5 29.b4 Rb8 30.Nb3 cxb4 31.axb4 Nd6 32.Bxd4 Rxb4 33.Bc5 Rxb3 34.
Bxd6 Bc3 35.Rc2 g4 36.Ra2 a5 37.Kg2 h5 38.Bc7 Rb7 39.Bd8 Rd7 40.Bb6 Rd6 
41.Bc5 Rc6 42.Be7 Re6 43.Bd8 Ra6 44.Ra4 Bb4 45.h3 Kf8 46.hxg4 hxg4 47.f3 
Ke8 48.Bc7 Kd7 49.Be5 gxf3+ 50.Kxf3 Kc6 51.Ra1 Kb5 52.Ke3 Re6 53.Bd4 a4 
54.Rf1 Re7 55.Kd3 a3 56.Bf6 Rb7 57.Kc2 Ka4 58.g4 Ba5 59.Bh8 Rc7+ 60.Kb1 
Kb3 61.Rf3+ Rc3 62.Rf1 Re3 63.Ka1 Re1+ 64.Rxe1 Bxe1 65.g5 Bd2 66.g6 fxg6 
67.Bd4 g5 68.e5 Bb4 69.Kb1 a2+ 70.Ka1 g4 0-1

[Event "33rd NED-ch"]
[Site "Leeuwarden NED"]
[Date "1977.05.04"]
[Round "13"]
[White "Bohm, Hans"]
[Black "Van der Sterren, Paul"]
[Result "1/2-1/2"]
[WhiteElo "2445"]
[BlackElo "2375"]
[EventDate "1977.04.18"]
[PlyCount "94"]

1.e4 c5 2.g3 g6 3.Bg2 Bg7 4.h4 h5 5.Ne2 Nc6 6.O-O e6 7.c3 Nge7 8.d3 O-O 9.
Bg5 d5 10.Nd2 d4 11.Nb3 b6 12.cxd4 cxd4 13.e5 Bd7 14.Nbxd4 Rc8 15.Nxc6 
Bxc6 16.Bxc6 Rxc6 17.Qa4 Rc7 18.Rac1 Bxe5 19.Rxc7 Qxc7 20.Rc1 Qb7 21.Qe4 
Qxe4 22.dxe4 f6 23.Be3 Rc8 24.Rxc8+ Nxc8 25.b3 Kf7 26.Kf1 Nd6 27.f3 f5 28.
exf5 exf5 29.Ke1 Ke6 30.Kd2 Kd5 31.Kd3 Nb7 32.Bf4 Nc5+ 33.Ke3 Ne6 34.a4 a6
35.Bxe5 Kxe5 36.b4 a5 37.b5 Nc5 38.Nf4 Nxa4 39.Nxg6+ Kf6 40.Nf4 Nc3 41.
Nxh5+ Kf7 42.Nf4 a4 43.Kd3 Nxb5 44.Nd5 a3 45.Nb4 Kg6 46.Kc4 Nd6+ 47.Kb3 
Nb5 1/2-1/2

[Event "33rd NED-ch"]
[Site "Leeuwarden NED"]
[Date "1977.05.04"]
[Round "13"]
[White "Hartoch, Robert"]
[Black "Ligterink, Gert"]
[Result "1-0"]
[WhiteElo "2405"]
[BlackElo "2430"]
[EventDate "1977.04.18"]
[PlyCount "47"]

1.g3 g6 2.Bg2 Bg7 3.e4 c5 4.Ne2 Nc6 5.c4 Nf6 6.Nbc3 O-O 7.O-O d6 8.d3 Ne8 
9.Be3 Nd4 10.Rb1 Nc7 11.b4 Rb8 12.Qd2 Bd7 13.f4 b5 14.a3 a5 15.bxc5 dxc5 
16.e5 Bf5 17.Bxd4 cxd4 18.Nxb5 Ne6 19.Na7 Rxb1 20.Rxb1 Nc5 21.Nc1 a4 22.
Rb5 Qc7 23.Nc6 Ne6 24.Qb4 1-0

[Event "33rd NED-ch"]
[Site "Leeuwarden NED"]
[Date "1977.05.04"]
[Round "13"]
[White "Ree, Hans"]
[Black "Boersma, Paulus"]
[Result "1-0"]
[WhiteElo "2460"]
[BlackElo "2350"]
[EventDate "1977.04.18"]
[PlyCount "47"]

1.d4 Nf6 2.c4 g6 3.Nc3 Bg7 4.e4 d6 5.f3 O-O 6.Be3 a6 7.Qd2 Nc6 8.Nge2 Re8 
9.h4 h5 10.O-O-O b5 11.Nf4 Bd7 12.c5 dxc5 13.dxc5 Qb8 14.g4 Bxg4 15.fxg4 
Nxg4 16.Bh3 Nxe3 17.Qxe3 Ne5 18.Nxh5 gxh5 19.Rhg1 c6 20.Qh6 Ng4 21.Qxh5 
Qf4+ 22.Kb1 Ne5 23.Rdf1 Qh2 24.Qh6 1-0

[Event "33rd NED-ch"]
[Site "Leeuwarden NED"]
[Date "1977.05.04"]
[Round "13"]
[White "Van Baarle, John"]
[Black "Langeweg, Christian"]
[Result "1/2-1/2"]
[WhiteElo "2325"]
[BlackElo "2445"]
[EventDate "1977.04.18"]
[PlyCount "81"]

1.e4 e6 2.d4 c5 3.d5 exd5 4.exd5 d6 5.Nf3 Nf6 6.Bd3 Be7 7.O-O O-O 8.h3 Na6
9.c4 Nc7 10.Nc3 a6 11.a4 b6 12.Re1 Rb8 13.Bg5 h6 14.Bf4 b5 15.Qd2 bxc4 16.
Bxc4 Bf5 17.Re2 Re8 18.Rae1 Bf8 19.Rxe8 Nfxe8 20.g4 Bg6 21.Qe2 h5 22.Bg5 
Qd7 23.Nh4 Bh7 24.b3 hxg4 25.hxg4 Bc2 26.Qf3 Bxb3 27.Bd3 g6 28.Nf5 f6 29.
Nh6+ Bxh6 30.Bxh6 Rb4 31.Bf4 Qf7 32.Qg3 Nxd5 33.Bxd6 Nxd6 34.Qxd6 Rxg4+ 
35.Kf1 Nxc3 36.Qxc5 Rxa4 37.Qxc3 Bc4 38.Bxc4 Rxc4 39.Qd3 Rc7 40.Qxa6 Kg7 
41.Qe6 1/2-1/2

[Event "33rd NED-ch"]
[Site "Leeuwarden NED"]
[Date "1977.05.04"]
[Round "13"]
[White "Van Wijgerden, Cornelis"]
[Black "Van der Vliet, Fredrik"]
[Result "1/2-1/2"]
[WhiteElo "2430"]
[BlackElo "2340"]
[EventDate "1977.04.18"]
[PlyCount "30"]

1.e4 e6 2.Nc3 d5 3.d4 Bb4 4.Qg4 Nf6 5.Qxg7 Rg8 6.Qh6 dxe4 7.Ne2 b6 8.Bg5 
Nbd7 9.Ng3 Rg6 10.Qh4 Bb7 11.Bb5 Be7 12.Qf4 Nh5 13.Bxe7 Nxf4 14.Bxd8 Rxd8 
15.Rg1 Ke7 1/2-1/2